000 01062nam a22003137a 4500
003 CHAP
005 20220329143304.0
008 080215d2006 uk a r 00110 eng d
010 _a94450
011 _a95422
020 _a1842653148
035 _a106048
040 _cCHAP
082 0 4 _a632
_bS47
100 1 _aSharma, P.D.
_9105510
245 1 0 _aPlant pathology
_c/by P.D. Sharma
260 _aOxford :
_bAlpha Science International Ltd.,
_c2006
300 _a[691] p. :
_bilus.
590 _aBATCH-UPD
_b10
_c20130110
_lUCH01
_h0521
590 _aBATCH-UPD
_b10
_c20130410
_lUCH01
_h0200
590 _aBATCH-UPD
_b10
_c20130914
_lUCH01
_h1415
590 _aCONVERSION
_b10
_c20130109
_lUCH01
_h1352
650 1 4 _aFitopatología.
_941161
901 _aBK
942 _cLIBRO
949 _a632 S47
_bBC
_cLIBRO
_d33724002048983
_eLIBRO
_gI.c/e
_h109068
_i106048
_si
_t$999.00
949 _a632 S47
_bBC
_cLIBRO
_d33724002075439
_eLIBRO
_fc.3
_gI.c/e
_h109767
_i106048
_si
_t$999.00
949 _a632 S47
_bBC
_cLIBRO
_d33724002077058
_eLIBRO
_fc.2
_gI.c/e
_h109766
_i106048
_si
_t$999.00
999 _c94450
_d94450